000 00513nam a2200181 a 4500
001 1772447158590
003 YourLibrary
005 20260302160218.0
008 260302s1998##################000#0#eng##
020 _a9780198294542
082 0 4 _a327.17405
_bOXE'1998
100 1 _aInstitute, Stockholm International Peace Research,
_eauthor.
245 1 0 _aSIPRI Yearbook 1998 :
260 _bSIPRI Yearbook,
_c1998.
650 0 _aPolitical Science.
942 _cENGLISH
040 _aYourLibrary
_beng
_cYourLibrary
999 _c616546
_d616546